[Event "French Training"]
[Site "SchemingMind.com"]
[Date "2013.08.26"]
[Round "-"]
[White "The Stonewall"]
[Black "cnile"]
[Result "1-0"]
[WhiteCountry "ENG"]
[BlackCountry "SCO"]
[WhiteElo "2335"]
[WhiteRD "101"]
[BlackElo "1440"]
[BlackRD "66"]
[GameID "337332"]

1. e4 e6 2. Nf3 c5 3. d4 cxd4 4. Bg5 f6 5. Bh4 e5 6. c3 dxc3 7. Nxc3 Nc6 8. Bc4 Bb4 9. Rc1 Nge7 10. O-O d6
11. h3 a6 12. a3 Ba5 13. Ba2 Ng6 14. Bg3 Bc7 15. Qb3 Rf8 16. Rfd1 Qe7 17. Nd5 Qd7 18. Rd3 Nge7 19. Nxc7+ Qxc7 20. Qd1 d5
21. exd5 Bf5 22. Rdc3 Qb6 23. dxc6 bxc6 24. Qe2 O-O-O 25. Nxe5 fxe5 26. Qxe5 Rde8 27. Rb3 Qd8 28. Rb8+ Kd7 29. Rxd8+ Kxd8 30. Qc7#
1-0

[Event "French Training"]
[Site "SchemingMind.com"]
[Date "2013.08.30"]
[Round "-"]
[White "Olli Ylönen"]
[Black "cnile"]
[Result "1-0"]
[WhiteCountry "FIN"]
[BlackCountry "SCO"]
[WhiteElo "1844"]
[WhiteRD "58"]
[BlackElo "1467"]
[BlackRD "70"]
[GameID "337333"]

1. e4 e6 2. d4 d5 3. Nc3 Nf6 4. Bg5 Bb4 5. a3 Be7 6. e5 Nfd7 7. Bxe7 Qxe7 8. f4 a6 9. Nf3 c5 10. b3 Nc6
11. g4 O-O 12. h4 Nxd4 13. Nxd4 cxd4 14. Qxd4 b5 15. O-O-O Qxa3+ 16. Kb1 Nc5 17. b4 Na4 18. Nxa4 Qxa4 19. Kb2 Bd7 20. Ra1 Qxa1+
21. Kxa1
1-0

[Event "French Training"]
[Site "SchemingMind.com"]
[Date "2013.08.26"]
[Round "-"]
[White "buddhastalin"]
[Black "cnile"]
[Result "0-1"]
[WhiteCountry "USA"]
[BlackCountry "SCO"]
[WhiteElo "1358"]
[WhiteRD "67"]
[BlackElo "1467"]
[BlackRD "70"]
[GameID "337334"]

1. e4 e6 2. d4 d5 3. Nd2 Nf6 4. Ngf3 c5 5. e5 Nfd7 6. c3 Nc6 7. Bd3 Be7 8. O-O a6 9. Re1 b5 10. Nf1 Qb6
0-1

[Event "French Training"]
[Site "SchemingMind.com"]
[Date "2013.08.26"]
[Round "-"]
[White "Till Plewe"]
[Black "cnile"]
[Result "1-0"]
[WhiteCountry "JPN"]
[BlackCountry "SCO"]
[WhiteElo "2378"]
[WhiteRD "70"]
[BlackElo "1440"]
[BlackRD "66"]
[GameID "337335"]

1. e4 e6 2. d4 d5 3. Nc3 Nf6 4. e5 Nfd7 5. f4 c5 6. Nf3 Nc6 7. Be3 a6 8. Qd2 b5 9. a3 Bb7 10. Ne2 c4
11. g4 Be7 12. f5 Bh4+ 13. Nxh4 Qxh4+ 14. Bf2 Qxg4 15. Rg1 Qxf5 16. Rg5 Qe4 17. Bg2 Qxg2 18. Rxg2 h6 19. Rxg7
1-0

[Event "French Training"]
[Site "SchemingMind.com"]
[Date "2013.08.26"]
[Round "-"]
[White "MKruger"]
[Black "cnile"]
[Result "1-0"]
[WhiteCountry "GER"]
[BlackCountry "SCO"]
[WhiteElo "2101"]
[WhiteRD "81"]
[BlackElo "1433"]
[BlackRD "67"]
[GameID "337337"]

1. e4 e6 2. d4 d5 3. Nc3 Bb4 4. e5 c5 5. a3 Bxc3+ 6. bxc3 Qc7 7. Qg4 f5 8. Qg3 Nc6 9. Ne2 cxd4 10. cxd4 Nge7
11. c3 O-O 12. Nf4 Bd7 13. Be2 Be8 14. Nxe6 Qa5 15. Qxg7#
1-0